Statistiques concernant Tous les prénoms existants

Cliquez ici pour prendre le quiz!

Statistiques générales

  • Ce quiz a été pris 2 256 fois
  • Le résultat moyen est 99 sur 475

Statistiques - réponses

Réponse% Correct
Jean
79%
Lou
78%
Marie
78%
Paul
74%
Emma
66%
Léo
64%
Pierre
64%
Louise
63%
Anne
61%
Julien
61%
Alexandre
59%
Camille
58%
Thomas
58%
François
57%
Michel
57%
Antoine
55%
Zoé
55%
Juliette
54%
Pauline
54%
Théo
54%
Christophe
52%
Laura
52%
Romain
52%
Chloé
51%
Jules
51%
Sophie
51%
Christian
50%
Emilie
50%
Kevin
50%
Marc
50%
Nicolas
50%
Quentin
49%
Sarah
49%
Jacques
48%
Charles
47%
Eva
47%
Maxime
47%
Noé
47%
Philippe
47%
Stéphane
47%
Christine
46%
Gabriel
46%
Martin
46%
Mathieu
46%
Nathan
46%
Olivier
46%
Patrick
46%
Valérie
46%
Alice
45%
André
45%
Céline
45%
Clara
45%
Clément
45%
Dominique
45%
Lucas
45%
Bernard
44%
Daniel
44%
Isabelle
44%
Nathalie
44%
Sylvie
44%
Alain
43%
Alexis
43%
Caroline
43%
Charlotte
43%
Valentin
43%
Claude
42%
David
42%
Eric
42%
Marine
42%
Marion
42%
Noa
42%
Sébastien
42%
Amélie
41%
Catherine
41%
Tom
41%
Arthur
40%
Elise
40%
Guillaume
40%
Jade
40%
Laurent
40%
Xavier
40%
Annie
39%
Anthony
39%
Emmanuel
39%
Frédéric
39%
Hélène
39%
Mathis
39%
Sandrine
39%
Vincent
39%
Christelle
38%
Fabien
38%
Justine
38%
Pascal
38%
Gérard
37%
José
37%
Monique
37%
Raphaël
37%
Anaïs
36%
Audrey
36%
Damien
36%
Karine
36%
Simon
36%
Véronique
36%
Georges
35%
Lise
35%
Thierry
35%
Mathéo
34%
Yves
34%
Benjamin
33%
Brigitte
33%
Cécile
33%
Eve
33%
Jérémy
33%
Albert
32%
Didier
32%
Léna
32%
Mélanie
32%
Noémie
32%
Robert
32%
Ambre
31%
Bastien
31%
Corinne
31%
Florence
31%
Cédric
30%
Enzo
30%
Lucien
30%
Océane
30%
René
30%
Samuel
30%
Alicia
29%
Aline
29%
Carole
29%
Adrien
28%
Arnaud
28%
Claire
28%
Elodie
28%
Guy
28%
Jean-Pierre
28%
Kyllian
28%
Sandra
28%
Virginie
28%
Adèle
27%
Amandine
27%
Maxence
27%
Sylvain
27%
Victoire
27%
Victoria
27%
Adam
26%
Bertrand
26%
Carla
26%
Denise
26%
Eloi
26%
Jacqueline
26%
Maurice
26%
Mohammed
26%
Thibault
26%
Benoit
25%
Célia
25%
Chantal
25%
Grégory
25%
Agathe
24%
Aurélien
24%
Elisabeth
24%
Gilles
24%
Margaux
24%
Matthias
24%
Morgane
24%
Roger
24%
Sacha
24%
Alban
23%
Axelle
23%
Charly
23%
Ethan
23%
Jonathan
23%
Laetitia
23%
Nina
23%
Raymond
23%
Solène
23%
Alix
22%
Clémentine
22%
Francis
22%
Héloïse
22%
Jessica
22%
Mickael
22%
Séverine
22%
Thérèse
22%
Vanessa
22%
Cyril
21%
Fanny
21%
Gabin
21%
Joël
21%
Jordan
21%
Louane
21%
Nolan
21%
Oscar
21%
Sabrina
21%
Aude
20%
Claudine
20%
Evelyne
20%
France
20%
Hugues
20%
Jean-Claude
20%
Jeannine
20%
Jennifer
20%
Ludovic
20%
Madeleine
20%
Aaron
19%
Angélique
19%
Armand
19%
Bernadette
19%
Charline
19%
Corentin
19%
Gaston
19%
Hervé
19%
Léonie
19%
Liliane
19%
Rémi
19%
Serge
19%
Sonia
19%
Suzanne
19%
Angèle
18%
Cassandra
18%
Coline
18%
Yannick
18%
Alfred
17%
Dylan
17%
Jean-Paul
17%
Loïc
17%
Marguerite
17%
Marianne
17%
Muriel
17%
Myriam
17%
Rachel
17%
Richard
17%
Robin
17%
Rosa
17%
Yvonne
17%
Agnès
16%
Clarisse
16%
Edouard
16%
Flavie
16%
Harry
16%
Ninon
16%
Timothée
16%
Alphonse
15%
Appoline
15%
Boris
15%
Brice
15%
Emeline
15%
Fernand
15%
Géraldine
15%
Ilona
15%
Jocelyne
15%
Josiane
15%
Léonard
15%
Mireille
15%
Timéo
15%
Yvan
15%
Aimé
14%
Annabelle
14%
Constance
14%
Eliott
14%
Germain
14%
Hector
14%
Kelly
14%
Lara
14%
Laurine
14%
Violette
14%
Armel
13%
Dimitri
13%
Lenny
13%
Lison
13%
Magalie
13%
Mélody
13%
Micheline
13%
Nadine
13%
Odile
13%
Salomé
13%
Samantha
13%
Abel
12%
Bénédicte
12%
Blanche
12%
Cathy
12%
Diane
12%
Francine
12%
Ginette
12%
Isaac
12%
Jean-Luc
12%
Pablo
12%
Perrine
12%
Roland
12%
Romy
12%
Ryan
12%
Titouan
12%
Anouk
11%
Bryan
11%
Capucine
11%
Eden
11%
Eléonore
11%
Esther
11%
Faustine
11%
Hortense
11%
Jean-Marc
11%
Judith
11%
Ludivine
11%
Naomi
11%
Régis
11%
Roméo
11%
Sabine
11%
Solange
11%
Tatiana
11%
Ulysse
11%
Anastasia
10%
Anatole
10%
Arielle
10%
Bill
10%
Bruce
10%
Erwan
10%
Joshua
10%
Malo
10%
Maximilien
10%
Paula
10%
Abigail
9%
Adélaïde
9%
Amanda
9%
Amaury
9%
Ariane
9%
Edmond
9%
Firmin
9%
Gisèle
9%
Gustave
9%
Gwenaël
9%
Lionel
9%
Nelly
9%
Rosalie
9%
Tony
9%
Adolphe
8%
Bérénice
8%
Blaise
8%
Bradley
8%
Brandon
8%
Côme
8%
Donatien
8%
Ernest
8%
Eudes
8%
Eugène
8%
Gauthier
8%
Geneviève
8%
Hubert
8%
Irène
8%
Jacob
8%
Jason
8%
Jean-François
8%
Katia
8%
Lucette
8%
Romuald
8%
Tiphaine
8%
Violaine
8%
Yolande
8%
Alizée
7%
Arnold
7%
Arthus
7%
Barbara
7%
Diego
7%
Eliane
7%
Fiona
7%
Isidore
7%
James
7%
Jean-Jacques
7%
Kylie
7%
Marthe
7%
Mylène
7%
Nadia
7%
Norah
7%
Ronald
7%
Ségolène
7%
Sylviane
7%
Vianney
7%
Vladimir
7%
Aglaé
6%
Carlos
6%
Charles-Henri
6%
Clothilde
6%
Dorothée
6%
Garry
6%
Geoffrey
6%
Ghislain
6%
Marjorie
6%
Mégane
6%
Merwan
6%
Norbert
6%
Pierrick
6%
Roseline
6%
Tiago
6%
Tiffany
6%
Virgile
6%
Zadig
6%
Amédée
5%
Annette
5%
Deborah
5%
Dorine
5%
Eddy
5%
Herbert
5%
Kenzo
5%
Kimberley
5%
Moïse
5%
Nadège
5%
Pamela
5%
Régine
5%
Suzon
5%
Zéphirin
5%
Anita
4%
Bérengère
4%
Charlélie
4%
Cyprien
4%
Lydie
4%
Mariah
4%
Marie-Thérèse
4%
Mustapha
4%
Normann
4%
Pénélope
4%
Rodolphe
4%
Barnabé
3%
Bertille
3%
Betty
3%
Donovan
3%
Eglantine
3%
Gervais
3%
Gontrand
3%
Jarry
3%
Marie-Christine
3%
Marie-Claire
3%
Marie-Claude
3%
Marie-Françoise
3%
Marie-Laure
3%
Olga
3%
Rachida
3%
Steeve
3%
Arsène
2%
Bettina
2%
Britney
2%
Gladys
2%
Jean-Pascal
2%
Lambert
2%
Leslie
2%
Marie-France
2%
Marie-Jeanne
2%
Marie-Pierre
2%
Nelson
2%
Nestor
2%
Nouredine
2%
Paloma
2%
Prudence
2%
Rebecca
2%
Reine
2%
Rodrigue
2%
Sybille
2%
Teddy
2%
Calvin
1%
Daisy
1%
Gatien
1%
Gildas
1%
Harold
1%
Hippolyte
1%
Honorine
1%
Jeffrey
1%
Sally
1%
Soraya
1%
Sullivan
1%
Célimène
0%
Douglas
0%
Lysiane
0%
Mortimer
0%
Salvatore
0%
Stuart
0%

Distribution des résultats

Percentile par nombre de réponses

% des personnes avec chaque résultat

Votre développement - résultats

Vous n’avez pas pris ce quiz